000 00282nam a22001337a 4500
008 170623b xxu||||| |||| 00| 0 eng d
020 _a9780814735121
041 _aeng
080 _a94
100 _a16
101 _aSHH
245 _aCAMPUS WARS
_cHEINEMAN,K.J
942 _2udc
_cBK
999 _c18935
_d18935